Research methods and statistics : (Record no. 11468)
[ view plain ]
| 000 -LEADER | |
|---|---|
| fixed length control field | 00812cam a22002535a 4500 |
| 001 - CONTROL NUMBER | |
| control field | 15143107 |
| 005 - DATE AND TIME OF LATEST TRANSACTION | |
| control field | 20201128020746.0 |
| 008 - FIXED-LENGTH DATA ELEMENTS--GENERAL INFORMATION | |
| fixed length control field | 080115s2008 cau 000 0 eng |
| 010 ## - LIBRARY OF CONGRESS CONTROL NUMBER | |
| LC control number | 2008920909 |
| 020 ## - INTERNATIONAL STANDARD BOOK NUMBER | |
| International Standard Book Number | 9780495510017 |
| 040 ## - CATALOGING SOURCE | |
| Original cataloging agency | DLC |
| Transcribing agency | DLC |
| 082 ## - DEWEY DECIMAL CLASSIFICATION NUMBER | |
| Edition number | 22 |
| Classification number | 150.72 |
| Item number | JAC |
| 100 1# - MAIN ENTRY--PERSONAL NAME | |
| Personal name | Jackson, Sherri L. |
| 9 (RLIN) | 4481 |
| 245 10 - TITLE STATEMENT | |
| Title | Research methods and statistics : |
| Remainder of title | a critical thinking approach / |
| Statement of responsibility, etc | Sherri L. Jackson. |
| 250 ## - EDITION STATEMENT | |
| Edition statement | 3rd ed. |
| 260 ## - PUBLICATION, DISTRIBUTION, ETC. (IMPRINT) | |
| Place of publication, distribution, etc | Belmont, CA : |
| Name of publisher, distributor, etc | Heinle Cengage Learning, |
| Date of publication, distribution, etc | 2008. |
| 263 ## - PROJECTED PUBLICATION DATE | |
| Projected publication date | 0803 |
| 300 ## - PHYSICAL DESCRIPTION | |
| Extent | 430p.: |
| Other physical details | ill.; |
| Dimensions | 23 cm. |
| 504 ## - BIBLIOGRAPHY, ETC. NOTE | |
| Bibliography, etc | Includes bibliographical references p.:414-415 and index |
| 650 ## - SUBJECT ADDED ENTRY--TOPICAL TERM | |
| 9 (RLIN) | 837 |
| Topical term or geographic name as entry element | Psychology |
| General subdivision | Research|Methodology |
| 650 ## - SUBJECT ADDED ENTRY--TOPICAL TERM | |
| 9 (RLIN) | 4480 |
| Topical term or geographic name as entry element | Psychometrics |
| 942 ## - ADDED ENTRY ELEMENTS (KOHA) | |
| Source of classification or shelving scheme | Dewey Decimal Classification |
| Item type | Book - Borrowing |
| Withdrawn status | Item status | Source of classification or shelving scheme | Damaged status | Not for loan | Vendor | Home library | Current library | Shelving location | Date acquired | Source of acquisition | Cost, normal purchase price | Serial Enumeration / chronology | Total Checkouts | Total Renewals | Full call number | Barcode | Date last seen | Date last borrowed | Koha item type |
|---|---|---|---|---|---|---|---|---|---|---|---|---|---|---|---|---|---|---|---|
| Dewey Decimal Classification | Baccah | Central Library | Central Library | Lower Floor | 29/04/2009 | 404.00 | 7072 | 11 | 40 | 150.72 JAC | 000016284 | 15/07/2025 | 06/02/2023 | Book - Borrowing |